[Event "Veneto Province-ch 82nd"]
[Site "Ceregnano"]
[Date "2023.01.29"]
[Round "4.10"]
[White "Sakharov, Sergiy"]
[Black "Voltolina, Francesco"]
[Result "0-1"]
[WhiteElo "1423"]
[BlackElo "1642"]
[PlyCount "152"]
[EventDate "2023.01.27"]
[EventType "swiss"]
[EventRounds "5"]
[EventCountry "ITA"]
[SourceTitle "EXT 2024"]
[Source "ChessBase"]
[SourceDate "2023.10.10"]
[SourceVersion "1"]
[SourceVersionDate "2023.10.10"]
[SourceQuality "1"]

1. c4 e5 2. Nc3 Nf6 3. Nf3 Nc6 4. g3 d6 5. Bg2 Be7 6. 0-0 0-0 7. a3 a5 8. b3 Be6 9. Bb2 Qd7 10. d4 exd4 11. Nxd4 Nxd4 12. Qxd4 Bh3 13. e4 Bxg2 14. Kxg2 Qg4 15. h3 Qg6 16. Nd5 Nxd5 17. exd5 Bf6 18. Qd2 Bxb2 19. Qxb2 Rfe8 20. Rae1 Qd3 21. Rd1 Qe4+ 22. Kh2 Qe2 23. Qd2 Re5 24. Qxe2 Rxe2 25. Rde1 Rae8 26. Rxe2 Rxe2 27. Kg2 Rb2 28. Re1 Kf8 29. Re3 Rd2 30. g4 b5 31. Rc3 Ke7 32. Kf3 Kd7 33. Ke3 Ra2 34. b4 axb4 35. axb4 Rb2 36. c5 Rxb4 37. c6+ Ke7 38. Ra3 Ra4 39. Rb3 Ra5 40. f4 g6 41. h4 h6 42. g5 hxg5 43. hxg5 Kd8 44. Rb4 Kc8 45. Kd3 Kb8 46. Re4 Ka7 47. Re7 Kb6 48. Rxf7 b4 49. Rf6 Rxd5+ 50. Kc4 Kxc6 51. Rxg6 Rf5 52. Kxb4 Rxf4+ 53. Kc3 Kd5 54. Rg8 Rg4 55. g6 c5 56. g7 Rg3+ 57. Kd2 Kd4 58. Rd8 Rg2+ 59. Kd1 Rxg7 60. Rxd6+ Kc3 61. Rc6 c4 62. Rc8 Rg1+ 63. Ke2 Kb3 64. Rb8+ Kc2 65. Rc8 c3 66. Rb8 Rg2+ 67. Ke1 Kc1 68. Rc8 c2 69. Rc7 Rg1+ 70. Ke2 Kb2 71. Rb7+ Ka3 72. Ra7+ Kb4 73. Rb7+ Ka5 74. Rc7 c1Q 75. Rxc1 Rxc1 76. Kd3 Kb4 0-1

[Event "Veneto Province-ch 82nd"]
[Site "Ceregnano"]
[Date "2023.01.28"]
[Round "3.11"]
[White "Voltolina, Francesco"]
[Black "Belloni, Umberto"]
[Result "1/2-1/2"]
[WhiteElo "1642"]
[BlackElo "1542"]
[PlyCount "49"]
[EventDate "2023.01.27"]
[EventType "swiss"]
[EventRounds "5"]
[EventCountry "ITA"]
[SourceTitle "EXT 2024"]
[Source "ChessBase"]
[SourceDate "2023.10.10"]
[SourceVersion "1"]
[SourceVersionDate "2023.10.10"]
[SourceQuality "1"]

1. e4 e6 2. d4 d5 3. exd5 exd5 4. Bf4 c6 5. h3 Be6 6. Nf3 f6 7. Bd3 g5 8. Bxb8 Rxb8 9. c3 Qd7 10. Qe2 Kf7 11. Kd1 Bd6 12. Qc2 Ne7 13. Re1 Ng6 14. Nbd2 Rhe8 15. Nf1 Re7 16. Ne3 Rbe8 17. Kd2 Bf4 18. Re2 b5 19. Rae1 a5 20. Kd1 Bd6 21. g4 b4 22. Nf5 Bxf5 23. Bxf5 Qb7 24. c4 Rxe2 25. Rxe2 1/2-1/2

[Event "Chioggia op-B 07th"]
[Site "Chioggia"]
[Date "2012.10.14"]
[Round "4"]
[White "Gebbin, Andrea"]
[Black "Voltolina, Francesco"]
[Result "1-0"]
[WhiteElo "1407"]
[BlackElo "1452"]
[PlyCount "117"]
[EventDate "2012.10.12"]
[EventType "swiss"]
[EventRounds "5"]
[EventCountry "ITA"]
[SourceTitle "EXT 2022"]
[Source "ChessBase"]
[SourceDate "2021.10.06"]
[SourceVersion "1"]
[SourceVersionDate "2021.10.06"]
[SourceQuality "1"]

1. c4 c5 2. g3 d6 3. Bg2 g6 4. e4 Bd7 5. Nc3 Bg7 6. Nge2 Bc6 7. d3 e6 8. 0-0 Ne7 9. Be3 b6 10. Qd2 d5 11. d4 cxd4 12. Bxd4 e5 13. Bxe5 Bxe5 14. cxd5 Nxd5 15. Nxd5 0-0 16. Rfd1 Bxd5 17. exd5 Qd6 18. Rac1 a5 19. Nd4 Bxd4 20. Qxd4 Rd8 21. Rc2 Ra7 22. Rdc1 Re7 23. Rc8 Re1+ 24. Rxe1 Rxc8 25. h4 h5 26. Qe4 Na6 27. a3 Nc5 28. Qc4 Rd8 29. Qb5 Qf6 30. b4 axb4 31. axb4 Nd7 32. Qc6 Qd4 33. Qc7 Qf6 34. d6 Nf8 35. Rd1 b5 36. Bh3 Ne6 37. Bxe6 fxe6 38. d7 Kf8 39. Rc1 Qe7 40. Qc5 Qxc5 41. Rxc5 Rxd7 42. Rxb5 Ke7 43. Kg2 Kd6 44. Rg5 Rg7 45. g4 Rb7 46. b5 hxg4 47. Kg3 e5 48. Rxg6+ Kd5 49. b6 Ke4 50. Kxg4 Kd5 51. h5 e4 52. h6 Ke5 53. Rg7 Rxb6 54. h7 Rh6 55. Kg5 Rh1 56. Kg6 Ke6 57. Rg8 Rg1+ 58. Kh6 Rh1+ 59. Kg7 1-0

[Event "Cavarzere op 14th"]
[Site "Cavarzere"]
[Date "2011.10.15"]
[Round "1.20"]
[White "Voltolina, Francesco"]
[Black "Belloni, Umberto"]
[Result "0-1"]
[WhiteElo "1395"]
[BlackElo "1837"]
[PlyCount "74"]
[EventDate "2011.10.15"]
[EventType "swiss"]
[EventRounds "6"]
[EventCountry "ITA"]
[SourceTitle "EXT 2023"]
[Source "ChessBase"]
[SourceDate "2022.10.05"]
[SourceVersion "1"]
[SourceVersionDate "2022.10.05"]
[SourceQuality "1"]

1. e4 e6 2. d4 d5 3. Nc3 dxe4 4. Nxe4 Nf6 5. Ng3 c5 6. Nf3 Nc6 7. Bb5 Qa5+ 8. c3 Qxb5 9. Ne5 cxd4 10. cxd4 Nxe5 11. dxe5 Qxe5+ 12. Ne2 Qd5 13. 0-0 Qxd1 14. Rxd1 Nd5 15. Nd4 Bd7 16. Bg5 Rc8 17. Rac1 Rxc1 18. Rxc1 Be7 19. Be3 a6 20. Nb3 b6 21. Nd4 Nxe3 22. fxe3 Bc5 23. Kf2 Ke7 24. a3 Bxd4 25. exd4 Kd6 26. g3 Rc8 27. Rxc8 Bxc8 28. Ke3 Kd5 29. Kd3 a5 30. h4 Ba6+ 31. Ke3 Kc4 32. Ke4 f6 33. g4 h6 34. g5 hxg5 35. hxg5 Bb7+ 36. Kf4 Kxd4 37. gxf6 gxf6 0-1